|
|
|
|
| LEADER |
00000cam a2200000 7i4500 |
| 001 |
0000000869 |
| 005 |
20151222.0 |
| 008 |
070703 |
| 020 |
|
|
|a 9833552072
|
| 090 |
0 |
0 |
|a JF
|b MAL
|
| 100 |
0 |
|
|a Sailey Azizah Zain
|
| 245 |
1 |
0 |
|a Biar bermandi peluh
|c Sailey Azizah Zain
|
| 260 |
|
|
|a Selangor :
|b Sama Publications & Distributors ,
|c 2006
|
| 440 |
|
|
|a Siri novel kerana salahlaku
|
| 500 |
|
|
|a Children ages 10-12 years old (pink)
|
| 650 |
|
0 |
|a Malay fiction
|
| 999 |
|
|
|a 0000919506
|b Book
|c Children Collection
|e Cawangan Bukit Gambir
|
| 999 |
|
|
|a 0000919507
|b Book
|c Children Collection
|e Cawangan Bukit Gambir
|
| 999 |
|
|
|a 0000919508
|b Book
|c Children Collection
|e Cawangan Bukit Gambir
|
| 999 |
|
|
|a 0000927306
|b Book
|c Children Collection
|e Cawangan Tangkak
|
| 999 |
|
|
|a 0000927307
|b Book
|c Children Collection
|e Cawangan Tangkak
|
| 999 |
|
|
|a 0000927308
|b Book
|c Children Collection
|e Cawangan Tangkak
|
| 999 |
|
|
|a 0000960779
|b Book
|c Children Collection
|e Perbadanan Perpustakaan Awam Johor
|
| 999 |
|
|
|a 0000960780
|b Book
|c Children Collection
|e Cawangan Taman Sri Lambak
|
| 999 |
|
|
|a 0000969497
|b Book
|c Children Collection
|e Cawangan Pontian
|
| 999 |
|
|
|a 0000969498
|b Book
|c Children Collection
|e Perbadanan Perpustakaan Awam Johor
|
| 999 |
|
|
|a 0000969499
|b Book
|c Children Collection
|e Cawangan Taman Sri Lambak
|
| 999 |
|
|
|a 0000975371
|b Book
|c Children Collection
|e Cawangan Segamat
|
| 999 |
|
|
|a 000975370
|b Book
|c Adult Collection
|e Cawangan Muar
|